Les entreprises conjointes internationales dans les pays en voie de développement

Сохранить в:
Библиографические подробности
Главный автор: Beguin, Jean- Pierre
Формат:
Язык:Undetermined
Опубликовано: Paris L'Institut Universitaire 1972
Предметы:
Метки: Добавить метку
Нет меток, Требуется 1-ая метка записи!
Thư viện lưu trữ: Trung tâm Học liệu Trường Đại học Cần Thơ
LEADER 00545nam a2200181Ia 4500
001 CTU_82340
008 210402s9999 xx 000 0 und d
082 |a 338.7 
082 |b B418 
100 |a Beguin, Jean- Pierre 
245 0 |a Les entreprises conjointes internationales dans les pays en voie de développement 
245 0 |c Jean- Pierre Beguin 
260 |a Paris 
260 |b L'Institut Universitaire 
260 |c 1972 
650 |a Joint ventures 
904 |i Trọng Hải 
980 |a Trung tâm Học liệu Trường Đại học Cần Thơ